Most popular baby girl names The Netherlands 2025 - Statistics

General Stats
  • This quiz has been taken 38 times
  • The average score is 21 of 50
Answer Stats
Hint Answer % Correct
7 Emma
83%
2 Olivia
83%
23 Eva
78%
21 Anna
72%
24 Emily
72%
19 Saar
72%
31 Sofie
72%
6 Sophie
72%
41 Ella
67%
20 Mia
67%
46 Hannah
61%
37 Isa
61%
4 Julia
61%
3 Nora
61%
13 Sofia
61%
42 Sophia
61%
5 Mila
56%
17 Julie
50%
15 Lily
50%
29 Lina
50%
11 Nina
50%
49 Rosa
50%
10 Sara
50%
28 Sarah
50%
26 Elin
44%
12 Luna
44%
25 Evi
39%
36 Nova
39%
16 Zoë
39%
48 Roos
33%
47 Ayla
28%
22 Lotte
28%
18 Maeve
28%
44 Noa
28%
1 Noor
28%
14 Tess
28%
45 Fenna
22%
39 Lauren
22%
32 Lieke
22%
34 Lynn
22%
33 Hailey
17%
27 Liv
17%
35 Loïs
17%
9 Milou
17%
30 Maud
11%
40 Noé
11%
8 Yara
11%
38 Livia
6%
50 Yuna
6%
43 Romée
0%
No matching quizzes found
Score Distribution
Percent of People with Each Score
Percentile by Number Answered
Your Score History
You have not taken this quiz